000 01221nam a2200277Ia 4500
003 Ost
005 20260507075612.0
008 260507s9999||||xx |||||||||||||| ||und||
020 _a9690100378
040 _cfsecg
041 _aara
082 _a335.5
100 _aأ.دال، روبرت
_eمؤلف
245 0 _aمقدمة إلى الديمقراطية الإقتصادية /
_c روبرت أ.دال
250 _aطبعة 2
260 _aالقاهرة:
_bالدار الدولية للنشر والتوزيع,
_c1998
300 _a163 صفحة؛
_c24 سم
520 _aهل المساواة مناوئة للحرية؟، الديمقراطية، المساواة السياسية، والحرية الاقتصادية، الديمقراطية والنظام الاقتصادي، الحق في الديمقراطية داخل المؤسسات، الملكية، والزعامة، والمرحلة الانتقالية
653 _aالإجتماع السياسي
653 _aالحرية
653 _aالديمقراطية الاقتصادية
653 _aالمساواة
653 _aالملكية
700 _aغنيم، محمد مصطفى
_eمؤلف ثانوي
942 _cكتاب
999 _c45087
_d45087